| 000 | 00542nam a22001577a 4500 | ||
|---|---|---|---|
| 003 | 0 | ||
| 005 | 20231107142025.0 | ||
| 008 | 231107b xxu||||| |||| 00| 0 eng d | ||
| 050 |
_aRC 321 _b.P35 2023 |
||
| 100 | _aPalma, Julianna Julia A. | ||
| 245 |
_aCognitive flexibility and interpersonal emotion regulation among adults recovering from substance dependence _cPalma, Julianna Julia A. |
||
| 260 |
_aLas Pinas City _bSouthville Intentional School and Colleges _cc2023. |
||
| 300 |
_a304 p. _c28cm. |
||
| 500 | _aEmotions. | ||
| 942 |
_2lcc _cTH |
||
| 999 |
_c365592 _d365592 |
||